<?xml version="1.0" encoding="UTF-8"?>
<record
    xmlns:xsi="http://www.w3.org/2001/XMLSchema-instance"
    xsi:schemaLocation="http://www.loc.gov/MARC21/slim http://www.loc.gov/standards/marcxml/schema/MARC21slim.xsd"
    xmlns="http://www.loc.gov/MARC21/slim">

  <leader>00482nam a22001817a 4500</leader>
  <datafield tag="999" ind1=" " ind2=" ">
    <subfield code="c">1937</subfield>
    <subfield code="d">1937</subfield>
  </datafield>
  <controlfield tag="008">200207b           ||||| |||| 00| 0 eng d</controlfield>
  <datafield tag="020" ind1=" " ind2=" ">
    <subfield code="a">81-7409-122-X</subfield>
    <subfield code="c">Rs.300.00</subfield>
  </datafield>
  <datafield tag="041" ind1="0" ind2=" ">
    <subfield code="a">eng</subfield>
  </datafield>
  <datafield tag="082" ind1="0" ind2="0">
    <subfield code="a">621.8</subfield>
    <subfield code="b">B188</subfield>
  </datafield>
  <datafield tag="100" ind1=" " ind2=" ">
    <subfield code="a">Ballaney, P. L.</subfield>
    <subfield code="9">1533</subfield>
  </datafield>
  <datafield tag="245" ind1="1" ind2="0">
    <subfield code="a">Theory of machines &amp; mechanisms /</subfield>
  </datafield>
  <datafield tag="250" ind1=" " ind2=" ">
    <subfield code="a">24th ed.</subfield>
  </datafield>
  <datafield tag="260" ind1=" " ind2=" ">
    <subfield code="a">Delhi :</subfield>
    <subfield code="b">Khanna Publisher,</subfield>
    <subfield code="c">2005.</subfield>
  </datafield>
  <datafield tag="300" ind1=" " ind2=" ">
    <subfield code="a">1340 p.</subfield>
  </datafield>
  <datafield tag="365" ind1=" " ind2=" ">
    <subfield code="b">INR 300.00</subfield>
  </datafield>
  <datafield tag="650" ind1=" " ind2="0">
    <subfield code="a">Machinery--Dynamics</subfield>
  </datafield>
  <datafield tag="942" ind1=" " ind2=" ">
    <subfield code="c">BK</subfield>
  </datafield>
  <datafield tag="952" ind1=" " ind2=" ">
    <subfield code="0">0</subfield>
    <subfield code="1">0</subfield>
    <subfield code="2">ddc</subfield>
    <subfield code="4">0</subfield>
    <subfield code="6">621_800000000000000_B188</subfield>
    <subfield code="7">0</subfield>
    <subfield code="9">5014</subfield>
    <subfield code="a">CL</subfield>
    <subfield code="b">CL</subfield>
    <subfield code="d">2000-08-09</subfield>
    <subfield code="e">Jyoti, the Book People</subfield>
    <subfield code="o">621.8 B188</subfield>
    <subfield code="p">09211</subfield>
    <subfield code="r">2020-02-07</subfield>
    <subfield code="v">165.00</subfield>
    <subfield code="y">BK</subfield>
  </datafield>
  <datafield tag="952" ind1=" " ind2=" ">
    <subfield code="0">0</subfield>
    <subfield code="1">0</subfield>
    <subfield code="2">ddc</subfield>
    <subfield code="4">0</subfield>
    <subfield code="6">621_800000000000000_B188</subfield>
    <subfield code="7">0</subfield>
    <subfield code="9">5015</subfield>
    <subfield code="a">CL</subfield>
    <subfield code="b">CL</subfield>
    <subfield code="d">2000-08-09</subfield>
    <subfield code="e">Jyoti, the Book People</subfield>
    <subfield code="o">621.8 B188</subfield>
    <subfield code="p">09212</subfield>
    <subfield code="r">2020-02-07</subfield>
    <subfield code="v">165.00</subfield>
    <subfield code="y">BK</subfield>
  </datafield>
  <datafield tag="952" ind1=" " ind2=" ">
    <subfield code="0">0</subfield>
    <subfield code="1">0</subfield>
    <subfield code="2">ddc</subfield>
    <subfield code="4">0</subfield>
    <subfield code="6">621_800000000000000_B188</subfield>
    <subfield code="7">0</subfield>
    <subfield code="9">5757</subfield>
    <subfield code="a">CL</subfield>
    <subfield code="b">CL</subfield>
    <subfield code="d">2007-05-31</subfield>
    <subfield code="e">Jyoti, the Book People</subfield>
    <subfield code="o">621.8 B188</subfield>
    <subfield code="p">09809</subfield>
    <subfield code="r">2020-02-13</subfield>
    <subfield code="v">300.00</subfield>
    <subfield code="y">BK</subfield>
  </datafield>
  <datafield tag="952" ind1=" " ind2=" ">
    <subfield code="0">0</subfield>
    <subfield code="1">0</subfield>
    <subfield code="2">ddc</subfield>
    <subfield code="4">0</subfield>
    <subfield code="6">621_800000000000000_B188</subfield>
    <subfield code="7">0</subfield>
    <subfield code="9">5758</subfield>
    <subfield code="a">CL</subfield>
    <subfield code="b">CL</subfield>
    <subfield code="d">2007-05-31</subfield>
    <subfield code="e">Jyoti, the Book People</subfield>
    <subfield code="o">621.8 B188</subfield>
    <subfield code="p">09810</subfield>
    <subfield code="r">2020-02-13</subfield>
    <subfield code="v">300.00</subfield>
    <subfield code="y">BK</subfield>
  </datafield>
  <datafield tag="952" ind1=" " ind2=" ">
    <subfield code="0">0</subfield>
    <subfield code="1">0</subfield>
    <subfield code="2">ddc</subfield>
    <subfield code="4">0</subfield>
    <subfield code="6">621_800000000000000_B188</subfield>
    <subfield code="7">0</subfield>
    <subfield code="9">5759</subfield>
    <subfield code="a">CL</subfield>
    <subfield code="b">CL</subfield>
    <subfield code="d">2007-05-31</subfield>
    <subfield code="e">Jyoti, the Book People</subfield>
    <subfield code="o">621.8 B188</subfield>
    <subfield code="p">09811</subfield>
    <subfield code="r">2020-02-13</subfield>
    <subfield code="v">300.00</subfield>
    <subfield code="y">BK</subfield>
  </datafield>
  <datafield tag="952" ind1=" " ind2=" ">
    <subfield code="0">0</subfield>
    <subfield code="1">0</subfield>
    <subfield code="2">ddc</subfield>
    <subfield code="4">0</subfield>
    <subfield code="6">621_800000000000000_B188</subfield>
    <subfield code="7">0</subfield>
    <subfield code="9">5760</subfield>
    <subfield code="a">CL</subfield>
    <subfield code="b">CL</subfield>
    <subfield code="d">2007-05-31</subfield>
    <subfield code="e">Jyoti, the Book People</subfield>
    <subfield code="o">621.8 B188</subfield>
    <subfield code="p">09812</subfield>
    <subfield code="r">2020-02-13</subfield>
    <subfield code="v">300.00</subfield>
    <subfield code="y">BK</subfield>
  </datafield>
  <datafield tag="952" ind1=" " ind2=" ">
    <subfield code="0">0</subfield>
    <subfield code="1">0</subfield>
    <subfield code="2">ddc</subfield>
    <subfield code="4">0</subfield>
    <subfield code="6">621_800000000000000_B188</subfield>
    <subfield code="7">0</subfield>
    <subfield code="9">5761</subfield>
    <subfield code="a">CL</subfield>
    <subfield code="b">CL</subfield>
    <subfield code="d">2007-05-31</subfield>
    <subfield code="e">Jyoti, the Book People</subfield>
    <subfield code="o">621.8 B188</subfield>
    <subfield code="p">09813</subfield>
    <subfield code="r">2020-02-13</subfield>
    <subfield code="v">300.00</subfield>
    <subfield code="y">BK</subfield>
  </datafield>
  <datafield tag="952" ind1=" " ind2=" ">
    <subfield code="0">0</subfield>
    <subfield code="1">0</subfield>
    <subfield code="2">ddc</subfield>
    <subfield code="4">0</subfield>
    <subfield code="6">621_800000000000000_B188</subfield>
    <subfield code="7">0</subfield>
    <subfield code="9">5762</subfield>
    <subfield code="a">CL</subfield>
    <subfield code="b">CL</subfield>
    <subfield code="d">2007-05-31</subfield>
    <subfield code="e">Jyoti, the Book People</subfield>
    <subfield code="o">621.8 B188</subfield>
    <subfield code="p">09814</subfield>
    <subfield code="r">2020-02-13</subfield>
    <subfield code="v">300.00</subfield>
    <subfield code="y">BK</subfield>
  </datafield>
  <datafield tag="952" ind1=" " ind2=" ">
    <subfield code="0">0</subfield>
    <subfield code="1">0</subfield>
    <subfield code="2">ddc</subfield>
    <subfield code="4">0</subfield>
    <subfield code="6">621_800000000000000_B188</subfield>
    <subfield code="7">0</subfield>
    <subfield code="9">5763</subfield>
    <subfield code="a">CL</subfield>
    <subfield code="b">CL</subfield>
    <subfield code="d">2007-05-31</subfield>
    <subfield code="e">Jyoti, the Book People</subfield>
    <subfield code="o">621.8 B188</subfield>
    <subfield code="p">09815</subfield>
    <subfield code="r">2020-02-13</subfield>
    <subfield code="v">300.00</subfield>
    <subfield code="y">BK</subfield>
  </datafield>
  <datafield tag="952" ind1=" " ind2=" ">
    <subfield code="0">0</subfield>
    <subfield code="1">0</subfield>
    <subfield code="2">ddc</subfield>
    <subfield code="4">0</subfield>
    <subfield code="6">621_800000000000000_B188</subfield>
    <subfield code="7">0</subfield>
    <subfield code="9">5764</subfield>
    <subfield code="a">CL</subfield>
    <subfield code="b">CL</subfield>
    <subfield code="d">2007-05-31</subfield>
    <subfield code="e">Jyoti, the Book People</subfield>
    <subfield code="o">621.8 B188</subfield>
    <subfield code="p">09816</subfield>
    <subfield code="r">2020-02-13</subfield>
    <subfield code="v">300.00</subfield>
    <subfield code="y">BK</subfield>
  </datafield>
  <datafield tag="952" ind1=" " ind2=" ">
    <subfield code="0">0</subfield>
    <subfield code="1">0</subfield>
    <subfield code="2">ddc</subfield>
    <subfield code="4">0</subfield>
    <subfield code="6">621_800000000000000_B188</subfield>
    <subfield code="7">0</subfield>
    <subfield code="9">5765</subfield>
    <subfield code="a">CL</subfield>
    <subfield code="b">CL</subfield>
    <subfield code="d">2007-05-31</subfield>
    <subfield code="e">Jyoti, the Book People</subfield>
    <subfield code="o">621.8 B188</subfield>
    <subfield code="p">09817</subfield>
    <subfield code="r">2020-02-13</subfield>
    <subfield code="v">300.00</subfield>
    <subfield code="y">BK</subfield>
  </datafield>
  <datafield tag="952" ind1=" " ind2=" ">
    <subfield code="0">0</subfield>
    <subfield code="1">0</subfield>
    <subfield code="2">ddc</subfield>
    <subfield code="4">0</subfield>
    <subfield code="6">621_800000000000000_B188</subfield>
    <subfield code="7">0</subfield>
    <subfield code="9">5766</subfield>
    <subfield code="a">CL</subfield>
    <subfield code="b">CL</subfield>
    <subfield code="d">2007-05-31</subfield>
    <subfield code="e">Jyoti, the Book People</subfield>
    <subfield code="o">621.8 B188</subfield>
    <subfield code="p">09818</subfield>
    <subfield code="r">2020-02-13</subfield>
    <subfield code="v">300.00</subfield>
    <subfield code="y">BK</subfield>
  </datafield>
  <datafield tag="952" ind1=" " ind2=" ">
    <subfield code="0">0</subfield>
    <subfield code="1">0</subfield>
    <subfield code="2">ddc</subfield>
    <subfield code="4">0</subfield>
    <subfield code="6">621_800000000000000_B188</subfield>
    <subfield code="7">0</subfield>
    <subfield code="9">23614</subfield>
    <subfield code="a">CL</subfield>
    <subfield code="b">CL</subfield>
    <subfield code="d">2021-06-14</subfield>
    <subfield code="o">621.8 B188</subfield>
    <subfield code="p">08800</subfield>
    <subfield code="r">2021-06-14</subfield>
    <subfield code="y">BK</subfield>
  </datafield>
</record>
